[Event "Rottach Egern Seniors Cup 11th"]
[Site "Rottach Egern"]
[Date "2023.04.16"]
[Round "2"]
[White "Ring, Rudolf"]
[Black "Remensberger, Paul"]
[Result "0-1"]
[WhiteElo "1706"]
[BlackElo "2005"]
[PlyCount "59"]
[EventDate "2023.04.15"]
[EventType "swiss"]
[EventRounds "9"]
[EventCountry "GER"]
[SourceTitle "EXT 2024"]
[Source "ChessBase"]
[SourceDate "2023.10.10"]
[SourceVersion "1"]
[SourceVersionDate "2023.10.10"]
[SourceQuality "1"]

1. d4 d5 2. Bf4 Nf6 3. Nf3 e6 4. e3 Bd6 5. Bg5 Be7 6. c4 0-0 7. Nc3 b6 8. cxd5 Nxd5 9. Bxe7 Qxe7 10. Be2 Bb7 11. 0-0 Nd7 12. Rc1 c5 13. Bc4 Nxc3 14. Rxc3 Rfd8 15. Qe2 cxd4 16. Nxd4 Rac8 17. Rfc1 Ne5 18. Bb3 Rxc3 19. Rxc3 Qd7 20. Qh5 Ng6 21. Qg4 Bd5 22. h3 Bxb3 23. Nxb3 h6 24. Qc4 Ne7 25. Nd4 Rc8 26. Qb3 Nd5 27. Rc4 Rc7 28. e4 Rxc4 29. Qxc4 Nf4 30. e5 0-1

[Event "Rottach Egern Seniors Cup 11th"]
[Site "Rottach Egern"]
[Date "2023.04.15"]
[Round "1"]
[White "Remensberger, Paul"]
[Black "Leser, Alfred"]
[Result "1-0"]
[WhiteElo "2005"]
[BlackElo "1700"]
[PlyCount "97"]
[EventDate "2023.04.15"]
[EventType "swiss"]
[EventRounds "9"]
[EventCountry "GER"]
[SourceTitle "EXT 2024"]
[Source "ChessBase"]
[SourceDate "2023.10.10"]
[SourceVersion "1"]
[SourceVersionDate "2023.10.10"]
[SourceQuality "1"]

1. d4 d5 2. Nf3 Nf6 3. c4 c6 4. e3 Bg4 5. Nc3 e6 6. Qb3 Qb6 7. Ne5 Bf5 8. cxd5 exd5 9. Bd3 Bxd3 10. Nxd3 Nbd7 11. Bd2 Bd6 12. h3 0-0 13. 0-0 Rae8 14. Qxb6 axb6 15. Rfc1 Ne4 16. Be1 f5 17. Ne2 g5 18. Rc2 Rf7 19. Bb4 Bc7 20. Bd2 Ndf6 21. Re1 Nxd2 22. Rxd2 Ne4 23. Rdd1 Rfe7 24. Rc1 Nd2 25. Rc2 Nc4 26. b3 Na3 27. Rd2 Bd6 28. g3 Nb5 29. Kg2 Nc7 30. Rh1 Kg7 31. h4 h6 32. Rdd1 g4 33. Nc3 Ne6 34. Rc1 Bc7 35. Rc2 Ra8 36. Rhc1 Ra5 37. a4 Bd6 38. b4 Ra8 39. b5 Nd8 40. Rb1 Bc7 41. Nb4 Rd7 42. Rbc1 Bb8 43. Ne2 Rxa4 44. bxc6 bxc6 45. Nxc6 Nxc6 46. Rxc6 Rb4 47. h5 b5 48. Rg6+ Kf7 49. Rcc6 1-0

[Event "Bodensee op Seniors 6th"]
[Site "Bregenz"]
[Date "2022.05.22"]
[Round "1"]
[White "Remensberger, Paul"]
[Black "Zirlik, Rudi"]
[Result "1-0"]
[WhiteElo "2014"]
[BlackElo "1712"]
[PlyCount "101"]
[EventDate "2022.05.22"]
[EventType "swiss"]
[EventRounds "7"]
[EventCountry "AUT"]
[SourceTitle "CBM 208 Extra"]
[Source "ChessBase"]
[SourceDate "2022.07.31"]
[SourceVersion "1"]
[SourceVersionDate "2022.07.31"]
[SourceQuality "1"]

1. d4 f5 2. Nf3 Nf6 3. g3 e6 4. Bg2 d5 5. 0-0 c6 6. c4 Be7 7. Nc3 0-0 8. Qc2 Qe8 9. Rb1 Na6 10. a3 Nc7 11. Bf4 Qd8 12. Bxc7 Qxc7 13. b4 Ne4 14. cxd5 exd5 15. Nxd5 Qd6 16. Nxe7+ Qxe7 17. Rbc1 a5 18. Nd2 axb4 19. Nxe4 fxe4 20. Qc4+ Be6 21. Qxb4 Qxb4 22. axb4 Bd5 23. f3 exf3 24. Bxf3 Bxf3 25. Rxf3 Rfe8 26. Kf2 Ra2 27. Re3 Rf8+ 28. Ke1 Rb2 29. Rc4 Rb1+ 30. Kd2 Rff1 31. Re7 Rb2+ 32. Kc3 Rbb1 33. Kd3 Rb3+ 34. Ke4 Rf2 35. Rxb7 Rxe2+ 36. Kf4 Re6 37. d5 Rf6+ 38. Ke5 cxd5 39. Rc8+ Rf8 40. Rcc7 Re3+ 41. Kxd5 Rd8+ 42. Kc5 Re5+ 43. Kb6 Re6+ 44. Ka7 Rg6 45. b5 h6 46. Rb8 Rxb8 47. Kxb8 Kf8 48. Ka7 Rg4 49. b6 Ra4+ 50. Kb8 g5 51. b7 1-0

[Event "Rottach Egern Seniors Cup 10th"]
[Site "Rottach Egern"]
[Date "2022.04.01"]
[Round "7"]
[White "Remensberger, Paul"]
[Black "Buchal, Stephan"]
[Result "0-1"]
[WhiteElo "2017"]
[BlackElo "2232"]
[PlyCount "64"]
[EventDate "2022.03.26"]
[EventType "swiss"]
[EventRounds "9"]
[EventCountry "GER"]
[SourceTitle "CBM 207 Extra"]
[Source "ChessBase"]
[SourceDate "2022.05.31"]
[SourceVersion "1"]
[SourceVersionDate "2022.05.31"]
[SourceQuality "1"]

1. Nf3 g6 2. d4 Bg7 3. g3 Nf6 4. Bg2 0-0 5. b3 c5 6. Bb2 cxd4 7. Nxd4 Nc6 8. 0-0 Nxd4 9. Bxd4 d6 10. Nd2 Qa5 11. Nf3 Qh5 12. Qd2 Bg4 13. Rae1 e5 14. Ba1 Rad8 15. c4 Rfe8 16. Qa5 a6 17. Rd1 Rd7 18. Rfe1 h6 19. Qb6 Red8 20. Qa5 Kh7 21. a4 Ne4 22. Qd5 Nc5 23. Rb1 Be6 24. Qd1 d5 25. cxd5 Bxd5 26. Qc2 Be4 27. Qxc5 Bxb1 28. Bxe5 Rd1 29. Qc3 Bxe5 30. Nxe5 Rxe1+ 31. Qxe1 Qxe5 32. Qxb1 Qxe2 0-1

[Event "Bad Woerishofen op 34th"]
[Site "Bad Woerishofen"]
[Date "2018.02.24"]
[Round "2"]
[White "Remensberger, Paul"]
[Black "Fischer, Daniel1111"]
[Result "0-1"]
[WhiteElo "2056"]
[BlackElo "2207"]
[PlyCount "56"]
[EventDate "2018.02.23"]
[EventType "swiss"]
[EventRounds "9"]
[EventCountry "GER"]
[SourceTitle "CBM 183 Extra"]
[Source "ChessBase"]
[SourceDate "2018.04.19"]
[SourceVersion "1"]
[SourceVersionDate "2018.04.19"]
[SourceQuality "1"]

1. Nf3 d5 2. g3 Nf6 3. Bg2 Bf5 4. 0-0 e6 5. d3 h6 6. c4 c6 7. cxd5 exd5 8. Nc3 Be7 9. Nd4 Bh7 10. e4 0-0 11. e5 Nfd7 12. f4 Qb6 13. Be3 Qxb2 14. Nce2 Qa3 15. Nc1 Na6 16. Bh3 Nac5 17. Rb1 Rad8 18. Bxd7 Rxd7 19. f5 Bg5 20. Bxg5 hxg5 21. Qg4 Re7 22. Nf3 Nxd3 23. Qxg5 Qc5+ 24. Kh1 Nf2+ 25. Rxf2 Qxf2 26. Qxe7 Qxf3+ 27. Kg1 Qe3+ 28. Kf1 Bxf5 0-1

[Event "Zuoz Engiadina op 24th"]
[Site "Zuoz"]
[Date "2017.10.14"]
[Round "7"]
[White "Frehen, Werner"]
[Black "Remensberger, Paul"]
[Result "1/2-1/2"]
[WhiteElo "1914"]
[BlackElo "2111"]
[PlyCount "138"]
[EventDate "2017.10.07"]
[EventType "swiss"]
[EventRounds "7"]
[EventCountry "SUI"]
[SourceTitle "CBM 181 Extra"]
[Source "ChessBase"]
[SourceDate "2017.12.12"]
[SourceVersion "1"]
[SourceVersionDate "2017.12.12"]
[SourceQuality "1"]

1. d4 d6 2. Nf3 Nf6 3. c4 Bg4 4. e3 g6 5. h3 Bxf3 6. Qxf3 Nc6 7. a3 a5 8. Bd3 Bg7 9. 0-0 0-0 10. Nc3 Re8 11. Bd2 Nd7 12. Be4 e5 13. Bd5 Rf8 14. Nb5 exd4 15. exd4 Nxd4 16. Nxd4 Bxd4 17. Bxb7 Rb8 18. Rab1 a4 19. Bh6 Bg7 20. Be3 Ne5 21. Qd5 Nxc4 22. Ba7 Rxb7 23. Qxb7 Nd2 24. Qc6 Nxf1 25. Kxf1 Qe8 26. Qxc7 Qb5+ 27. Kg1 Qd3 28. Qc1 Re8 29. Be3 d5 30. Qd1 Qxd1+ 31. Rxd1 d4 32. Bd2 Rc8 33. Rc1 Rb8 34. Bb4 d3 35. Rd1 Rd8 36. Rd2 Bh6 37. Rd1 f5 38. Kf1 Kf7 39. Bc3 Ke6 40. Ke1 Rd5 41. Rb1 Kd6 42. b4 axb3 43. Rxb3 Kc5 44. Rb4 Rd7 45. f4 Bf8 46. Kd2 Be7 47. Rb8 Kd5 48. Bb4 Bxb4+ 49. Rxb4 Kc5 50. Rb3 Rd4 51. g3 h5 52. Rc3+ Kb5 53. Rxd3 Ra4 54. Ke3 Kc6 55. h4 Kc7 56. Kd2 Kc6 57. Kc2 Ra8 58. Kb3 Rb8+ 59. Ka2 Ra8 60. Rd4 Re8 61. Rd3 Ra8 62. Kb3 Rb8+ 63. Kc4 Ra8 64. Rc3 Kd6 65. Rb3 Kc6 66. Kc3 Re8 67. Kb4 Rb8+ 68. Kc4 Ra8 69. Rc3 Kd6 1/2-1/2

[Event "Zuoz Engiadina op 24th"]
[Site "Zuoz"]
[Date "2017.10.09"]
[Round "3"]
[White "Remensberger, Paul"]
[Black "Wyss, Thomas"]
[Result "0-1"]
[WhiteElo "2111"]
[BlackElo "2251"]
[PlyCount "112"]
[EventDate "2017.10.07"]
[EventType "swiss"]
[EventRounds "7"]
[EventCountry "SUI"]
[SourceTitle "CBM 181 Extra"]
[Source "ChessBase"]
[SourceDate "2017.12.12"]
[SourceVersion "1"]
[SourceVersionDate "2017.12.12"]
[SourceQuality "1"]

1. Nf3 d5 2. g3 Nc6 3. d4 Bf5 4. Bg2 Nb4 5. Na3 c6 6. 0-0 e6 7. c3 Na6 8. Qb3 Qb6 9. Bf4 h6 10. h4 Nf6 11. Rac1 Be7 12. Nd2 Nh5 13. Be3 0-0 14. c4 Nb8 15. Bf3 Bg6 16. Kg2 Nd7 17. cxd5 exd5 18. Nc2 Bd6 19. Qxb6 axb6 20. a3 Rfe8 21. g4 Nf4+ 22. Bxf4 Bxf4 23. e3 Bd6 24. Nb1 b5 25. Nc3 Nb6 26. Be2 Nc4 27. Bxc4 bxc4 28. Rfe1 f5 29. gxf5 Bxf5 30. Nb4 Re6 31. Rg1 Rf8 32. Ne2 Be4+ 33. Kf1 Bh2 34. Rg4 Bf3 35. Rg2 Bxg2+ 36. Kxg2 Rg6+ 37. Kf1 Rf3 38. Rc2 Rgf6 39. Nc3 Bg3 40. Nd1 Bxh4 41. Rd2 g5 42. Nc2 g4 43. Ne1 R3f5 44. Kg2 Rf7 45. Kg1 h5 46. Ng2 Bg5 47. Re2 h4 48. Ne1 h3 49. e4 dxe4 50. Rxe4 Rf4 51. Re8+ Kg7 52. Ne3 Rxd4 53. N1c2 Rdf4 54. Re5 Bh4 55. f3 Rxf3 56. Nd4 Rxe3 0-1

[Event "Bad Woerishofen op 33rd"]
[Site "Bad Woerishofen"]
[Date "2017.03.16"]
[Round "7"]
[White "Roemer, Ulrich"]
[Black "Remensberger, Paul"]
[Result "1-0"]
[WhiteElo "2182"]
[BlackElo "2059"]
[PlyCount "32"]
[EventDate "2017.03.10"]
[EventType "swiss"]
[EventRounds "9"]
[EventCountry "GER"]
[SourceTitle "EXT 2018"]
[Source "ChessBase"]
[SourceDate "2017.10.13"]
[SourceVersion "1"]
[SourceVersionDate "2017.10.13"]
[SourceQuality "1"]

1. d4 e6 2. Nf3 c5 3. e3 Nf6 4. Bd3 b6 5. 0-0 Bb7 6. c4 Be7 7. Nc3 cxd4 8. exd4 d6 9. d5 exd5 10. cxd5 0-0 11. Nd4 Nxd5 12. Nxd5 Bxd5 13. Qh5 f5 14. Nxf5 Bg5 15. Bxg5 Rxf5 16. Bxf5 Qe8 1-0

[Event "Bad Woerishofen op 33rd"]
[Site "Bad Woerishofen"]
[Date "2017.03.12"]
[Round "3"]
[White "Herbold, Manfred"]
[Black "Remensberger, Paul"]
[Result "1/2-1/2"]
[WhiteElo "2187"]
[BlackElo "2059"]
[PlyCount "66"]
[EventDate "2017.03.10"]
[EventType "swiss"]
[EventRounds "9"]
[EventCountry "GER"]
[SourceTitle "EXT 2018"]
[Source "ChessBase"]
[SourceDate "2017.10.13"]
[SourceVersion "1"]
[SourceVersionDate "2017.10.13"]
[SourceQuality "1"]

1. e4 e6 2. b3 d5 3. Bb2 Nf6 4. e5 Nfd7 5. f4 c5 6. Nf3 Nc6 7. Bb5 Be7 8. 0-0 0-0 9. d3 Qc7 10. c4 Nb6 11. Bxc6 Qxc6 12. Nbd2 Bd7 13. Rc1 Rad8 14. Qe1 dxc4 15. dxc4 Qc7 16. Rd1 Bc6 17. Qe2 Nc8 18. Ne4 b6 19. Nfg5 h6 20. Nf6+ Bxf6 21. exf6 Rxd1 22. Rxd1 Rd8 23. fxg7 Rxd1+ 24. Qxd1 Qd6 25. Qe2 Qxf4 26. Nxe6 Qf5 27. Nc7 Qb1+ 28. Kf2 Nd6 29. Nd5 Bxd5 30. cxd5 Qf5+ 31. Qf3 Qc2+ 32. Qe2 Qf5+ 33. Qf3 Qc2+ 1/2-1/2

[Event "Bad Woerishofen op 28th"]
[Site "Bad Woerishofen"]
[Date "2012.03.06"]
[Round "5"]
[White "Remensberger, Paul"]
[Black "Babar, Michael"]
[Result "1/2-1/2"]
[WhiteElo "2054"]
[BlackElo "2203"]
[PlyCount "32"]
[EventDate "2012.03.02"]
[EventType "swiss"]
[EventRounds "9"]
[EventCountry "GER"]
[SourceTitle "EXT 2019"]
[Source "ChessBase"]
[SourceDate "2018.10.10"]
[SourceVersion "1"]
[SourceVersionDate "2018.10.10"]
[SourceQuality "1"]

1. d4 g6 2. Nf3 Bg7 3. c3 d5 4. Bg5 Nd7 5. e3 Ngf6 6. Nbd2 0-0 7. Be2 Re8 8. 0-0 e5 9. Nb3 e4 10. Nfd2 h6 11. Bh4 Qe7 12. c4 Kh7 13. cxd5 g5 14. Bg3 Nxd5 15. Nxe4 f5 16. Nc3 N7b6 1/2-1/2

[Event "Bad Woerishofen op 28th"]
[Site "Bad Woerishofen"]
[Date "2012.03.03"]
[Round "2"]
[White "Guttenthaler, Franz"]
[Black "Remensberger, Paul"]
[Result "0-1"]
[WhiteElo "2204"]
[BlackElo "2054"]
[PlyCount "110"]
[EventDate "2012.03.02"]
[EventType "swiss"]
[EventRounds "9"]
[EventCountry "GER"]
[SourceTitle "EXT 2019"]
[Source "ChessBase"]
[SourceDate "2018.10.10"]
[SourceVersion "1"]
[SourceVersionDate "2018.10.10"]
[SourceQuality "1"]

1. d4 e6 2. c4 Nf6 3. Nf3 Bb4+ 4. Bd2 c5 5. Bxb4 cxb4 6. g3 0-0 7. Bg2 d6 8. 0-0 Nc6 9. a3 bxa3 10. Rxa3 e5 11. Nc3 Bg4 12. d5 Bxf3 13. Bxf3 Nb4 14. e4 Nd7 15. Bg4 Nc5 16. Qe2 Qb6 17. Kh1 Nba6 18. Nb5 Nc7 19. Nxc7 Qxc7 20. b4 Na6 21. Rb3 Qe7 22. h4 g6 23. Rc1 f5 24. exf5 gxf5 25. Bxf5 Kh8 26. Qh5 Rf7 27. f3 Raf8 28. Be4 Rg7 29. Kh2 Nc7 30. Qh6 Rfg8 31. Rg1 Qd8 32. Rd3 b6 33. g4 Ne8 34. g5 Qe7 35. Rg4 Rg6 36. Bxg6 Rxg6 37. Rd2 Rxh6 38. gxh6 Qf8 39. Rdg2 Qf7 40. b5 Qf8 41. Kg1 Qf7 42. Rg5 Qf8 43. Rg7 Nxg7 44. hxg7+ Qxg7 45. Rxg7 Kxg7 46. Kf2 Kf6 47. Kg2 Kf5 48. Kg3 h6 49. Kf2 Kf4 50. Kg2 e4 51. fxe4 Kxe4 52. Kg3 h5 53. Kg2 Kd4 54. Kf3 Kxc4 55. Kf4 Kxb5 0-1

[Event "Zuerich op-A 34th"]
[Site "Zuerich"]
[Date "2010.12.26"]
[Round "1"]
[White "Remensberger, Paul"]
[Black "Gaehler, Marco"]
[Result "0-1"]
[WhiteElo "2075"]
[BlackElo "2319"]
[PlyCount "92"]
[EventDate "2010.12.26"]
[EventType "swiss"]
[EventRounds "7"]
[EventCountry "SUI"]
[SourceTitle "CBM 140 Extra"]
[Source "ChessBase"]
[SourceDate "2011.03.01"]
[SourceVersion "1"]
[SourceVersionDate "2011.03.01"]
[SourceQuality "1"]

1. d4 d6 2. Nf3 Bg4 3. g3 Qc8 4. Bg2 Bh3 5. 0-0 Nf6 6. Nc3 c5 7. d5 Bxg2 8. Kxg2 g6 9. Re1 Bg7 10. h3 Nbd7 11. e4 0-0 12. Bf4 b5 13. Qd2 b4 14. Nd1 Re8 15. a3 a5 16. g4 Nb6 17. axb4 cxb4 18. c3 Nc4 19. Qc1 b3 20. Nd2 a4 21. Nxc4 Qxc4 22. f3 e6 23. Ne3 Qc5 24. dxe6 Rxe6 25. Qd1 Qc6 26. Nd5 Ra5 27. Nb4 Qc5 28. Qd3 a3 29. Rxa3 Rxa3 30. bxa3 d5 31. e5 Nd7 32. Qxd5 Qxd5 33. Nxd5 Bxe5 34. Bd2 Bf4 35. Be3 Bxe3 36. Nxe3 Nc5 37. Kf1 Nd3 38. Rb1 Rxe3 39. Rxb3 Nc5 40. Kf2 Re8 41. Rb5 Nd3+ 42. Kg3 Rc8 43. a4 Rxc3 44. Kh4 Ne1 45. Rb8+ Kg7 46. f4 Ng2+ 0-1

[Event "Liechtenstein op 28th"]
[Site "Triesen"]
[Date "2010.05.14"]
[Round "8"]
[White "Remensberger, Paul"]
[Black "Froewis, Georg"]
[Result "0-1"]
[WhiteElo "2080"]
[BlackElo "2277"]
[PlyCount "122"]
[EventDate "2010.05.07"]
[EventType "swiss"]
[EventRounds "9"]
[EventCountry "LIE"]
[SourceTitle "CBM 136 Extra"]
[Source "ChessBase"]
[SourceDate "2010.07.02"]
[SourceVersion "2"]
[SourceVersionDate "2010.07.15"]
[SourceQuality "1"]

1. d4 d5 2. Nf3 Nf6 3. c3 e6 4. Bg5 c5 5. e3 Qb6 6. Qb3 Nc6 7. Nbd2 Bd7 8. Be2 h6 9. Bh4 Be7 10. 0-0 c4 11. Qc2 g5 12. Bg3 Nh5 13. e4 Nxg3 14. hxg3 Qc7 15. exd5 exd5 16. Rfe1 Be6 17. b3 cxb3 18. Qxb3 0-0 19. Bd3 Rac8 20. Rac1 Bf6 21. Bb1 Bg7 22. Qc2 Rfe8 23. Qh7+ Kf8 24. c4 dxc4 25. Nxc4 Nxd4 26. Nxd4 Bxd4 27. Ne3 Qxc1 28. Rxc1 Rxc1+ 29. Kh2 Bxe3 30. fxe3 g4 31. Bf5 Bxf5 32. Qxf5 Rxe3 33. Qa5 Ree1 34. Qd8+ Kg7 35. Qd4+ Kf8 36. Qd8+ Re8 37. Qd6+ Kg8 38. Qf4 Rc6 39. Qxg4+ Rg6 40. Qd4 a6 41. a4 Ree6 42. Qd8+ Kg7 43. Qd4+ Ref6 44. a5 Rg5 45. Qd7 Rxa5 46. Qxb7 Rh5+ 47. Kg1 Rg5 48. Kh2 Rb5 49. Qd7 Rbf5 50. Qd4 a5 51. Qg4+ Rg5 52. Qd4 Rgg6 53. Qa4 Rf5 54. g4 Rfg5 55. g3 Rxg4 56. Qxa5 Rxg3 57. Qe5+ Kh7 58. Qf5 Kg8 59. Qe5 R3g5 60. Qe8+ Kg7 61. Qe2 Rg2+ 0-1

[Event "Liechtenstein op 28th"]
[Site "Triesen"]
[Date "2010.05.13"]
[Round "7"]
[White "Remensberger, Paul"]
[Black "Peschlow, Patrick"]
[Result "0-1"]
[WhiteElo "2080"]
[BlackElo "2302"]
[PlyCount "108"]
[EventDate "2010.05.07"]
[EventType "swiss"]
[EventRounds "9"]
[EventCountry "LIE"]
[SourceTitle "CBM 136 Extra"]
[Source "ChessBase"]
[SourceDate "2010.07.02"]
[SourceVersion "2"]
[SourceVersionDate "2010.07.15"]
[SourceQuality "1"]

1. d4 Nf6 2. Nf3 g6 3. Bg5 Bg7 4. Nbd2 d5 5. c3 0-0 6. e3 Nbd7 7. Bd3 Re8 8. 0-0 e5 9. e4 exd4 10. cxd4 dxe4 11. Nxe4 h6 12. Qb3 Re6 13. Rae1 Rb6 14. Bxf6 Nxf6 15. Qc2 Nxe4 16. Bxe4 Be6 17. b3 Rc8 18. Qc5 Bf8 19. Qc2 Bg7 20. Qc5 Bf8 21. Qc2 Qd6 22. h3 Rd8 23. Rc1 c6 24. Rfe1 Bg7 25. Red1 Rb4 26. Bd3 Bd5 27. Be4 Bxe4 28. Qxe4 Bxd4 29. Rxd4 Rxd4 30. Nxd4 Qxd4 31. Qe7 Rd7 32. Qe8+ Kg7 33. Re1 Rd6 34. Qe7 Rf6 35. Re2 b5 36. g3 c5 37. Qe5 Qxe5 38. Rxe5 Rc6 39. Kf1 Kf6 40. Rd5 Ke6 41. Rd8 c4 42. bxc4 bxc4 43. Ke1 c3 44. Kd1 Rd6+ 45. Rxd6+ Kxd6 46. Kc2 Kd5 47. Kxc3 Ke4 48. Kd2 Kf3 49. Ke1 Kg2 50. h4 Kf3 51. Kf1 f5 52. Kg1 f4 53. Kh2 Kxf2 54. gxf4 h5 0-1

[Event "Winterthur op 9th"]
[Site "Winterthur"]
[Date "2009.10.06"]
[Round "4"]
[White "Fuchs, Judith"]
[Black "Remensberger, Paul"]
[Result "1-0"]
[WhiteElo "2207"]
[BlackElo "2084"]
[PlyCount "77"]
[EventDate "2009.10.03"]
[EventType "swiss"]
[EventRounds "9"]
[EventCountry "SUI"]
[SourceTitle "CBM 132 Extra"]
[Source "ChessBase"]
[SourceDate "2009.11.03"]
[SourceVersion "1"]
[SourceVersionDate "2009.11.03"]
[SourceQuality "1"]

1. e4 e6 2. d4 d5 3. Nc3 Bb4 4. exd5 exd5 5. Bd3 Nc6 6. a3 Bxc3+ 7. bxc3 Nge7 8. Ne2 Bg4 9. Rb1 b6 10. 0-0 0-0 11. f3 Bf5 12. Ng3 Bxd3 13. cxd3 Qd7 14. f4 Nf5 15. Nh1 Rfe8 16. Qf3 Ncxd4 17. cxd4 Nxd4 18. Qh3 Ne2+ 19. Kf2 Qa4 20. Re1 Nxc1 21. Rbxc1 Qxf4+ 22. Qf3 Qd2+ 23. Kf1 d4 24. Ng3 c5 25. Ne4 Qh6 26. Kg1 Rad8 27. Rc2 Qg6 28. Rf1 Rd7 29. Qf4 Rf8 30. Qe5 f6 31. Rcf2 Re8 32. Rxf6 Rdd8 33. Rxg6 Rxe5 34. Rc6 Re7 35. a4 Rf8 36. a5 Rxf1+ 37. Kxf1 bxa5 38. Rxc5 Rb7 39. Rc8+ 1-0

[Event "Zuerich op-A 32nd"]
[Site "Zuerich"]
[Date "2008.12.28"]
[Round "4"]
[White "Niehaus, Frank"]
[Black "Remensberger, Paul"]
[Result "0-1"]
[WhiteElo "2189"]
[BlackElo "2069"]
[PlyCount "80"]
[EventDate "2008.12.26"]
[EventType "swiss"]
[EventRounds "7"]
[EventCountry "SUI"]
[SourceTitle "CBM 127 Extra"]
[Source "ChessBase"]
[SourceDate "2009.01.08"]
[SourceVersion "2"]
[SourceVersionDate "2009.01.28"]
[SourceQuality "1"]

1. e4 e6 2. d4 d5 3. Nc3 Bb4 4. e5 c5 5. a3 Ba5 6. Qg4 Ne7 7. Qxg7 Rg8 8. Qxh7 cxd4 9. b4 dxc3 10. bxa5 Nbc6 11. Nf3 Qc7 12. Bf4 Bd7 13. a6 b6 14. g3 0-0-0 15. Qd3 d4 16. Qe4 Nd5 17. Bg5 Rxg5 18. Nxg5 Nxe5 19. f4 Bc6 20. Qxe5 Qxe5+ 21. fxe5 Ne3 22. Bd3 Bxh1 23. Ke2 Bd5 24. Nxf7 Rf8 25. Ng5 Ng4 26. Rf1 Rxf1 27. Kxf1 Nxh2+ 28. Ke2 Ng4 29. Nf7 Kd7 30. Bb5+ Ke7 31. Nd6 Nxe5 32. Nc8+ Kd8 33. Nxa7 Kc7 34. Bd3 Bf3+ 35. Ke1 Nxd3+ 36. cxd3 e5 37. Nb5+ Kb8 38. a4 Ka8 39. Na3 e4 40. dxe4 d3 0-1

[Event "Ascona op"]
[Site "Ascona"]
[Date "2007.12.07"]
[Round "8"]
[White "Paleologu, Vladimir"]
[Black "Remensberger, Paul"]
[Result "1-0"]
[WhiteElo "2142"]
[BlackElo "2063"]
[PlyCount "65"]
[EventDate "2007.12.03"]
[EventType "swiss"]
[EventRounds "9"]
[EventCountry "SUI"]
[SourceTitle "CBM 121 Extra"]
[Source "ChessBase"]
[SourceDate "2008.01.10"]
[SourceVersion "1"]
[SourceVersionDate "2008.01.10"]
[SourceQuality "1"]

1. e4 e6 2. d4 d5 3. e5 c5 4. c3 Nc6 5. g3 Qb6 6. Ne2 Bd7 7. Bh3 cxd4 8. cxd4 Rc8 9. 0-0 Nge7 10. Nbc3 Na5 11. b3 Ng6 12. Kh1 Bb4 13. Bb2 Ne7 14. Rb1 0-0 15. a3 Bxc3 16. Bxc3 Bb5 17. Bb4 Nac6 18. Bc5 Qd8 19. Rb2 b6 20. Bd6 Re8 21. a4 Bxe2 22. Rxe2 g6 23. g4 Na5 24. Qd3 Qd7 25. f4 Qc6 26. Bb4 Nb7 27. f5 a5 28. Be1 Qd7 29. f6 Nc6 30. Qe3 Kh8 31. Qh6 Rg8 32. g5 Qd8 33. Rf4 1-0

[Event "Winterthur op"]
[Site "Winterthur"]
[Date "2007.10.08"]
[Round "4"]
[White "Rosenthal, Jonathan"]
[Black "Remensberger, Paul"]
[Result "1-0"]
[WhiteElo "2204"]
[BlackElo "2063"]
[PlyCount "61"]
[EventDate "2007.10.05"]
[EventType "swiss"]
[EventRounds "9"]
[EventCountry "SUI"]
[SourceTitle "CBM 120 Extra"]
[Source "ChessBase"]
[SourceDate "2007.11.01"]
[SourceVersion "1"]
[SourceVersionDate "2007.11.01"]
[SourceQuality "1"]

1. d4 Nf6 2. c4 g6 3. Nc3 Bg7 4. e4 d6 5. Be2 0-0 6. Nf3 e5 7. 0-0 Na6 8. Re1 c6 9. Be3 Ng4 10. Bg5 Qe8 11. dxe5 dxe5 12. h3 f6 13. Bd2 Nh6 14. Qc2 Nf7 15. a3 Qe7 16. b4 Nc7 17. Be3 Ne6 18. Rad1 f5 19. exf5 gxf5 20. Qxf5 Nd4 21. Qb1 Nxf3+ 22. Bxf3 Ng5 23. Bg4 Bxg4 24. hxg4 Ne6 25. Ne4 Qh4 26. f3 h5 27. g5 Nd4 28. Bxd4 exd4 29. Nf6+ Bxf6 30. Qg6+ Bg7 31. Re7 1-0

[Event "Liechtenstein op 25th"]
[Site "Triesen"]
[Date "2007.05.19"]
[Round "9"]
[White "Remensberger, Paul"]
[Black "Froewis, Georg"]
[Result "0-1"]
[WhiteElo "2063"]
[BlackElo "2133"]
[PlyCount "103"]
[EventDate "2007.05.11"]
[EventType "swiss"]
[EventRounds "9"]
[EventCountry "LIE"]
[SourceTitle "CBM 118 Extra"]
[Source "ChessBase"]
[SourceDate "2007.07.04"]
[SourceVersion "1"]
[SourceVersionDate "2007.07.04"]
[SourceQuality "1"]

1. d4 Nf6 2. Nf3 e6 3. g3 b5 4. Bg2 Bb7 5. 0-0 c5 6. c3 a6 7. a4 Be7 8. axb5 axb5 9. Rxa8 Bxa8 10. Qb3 Bc6 11. Na3 c4 12. Qa2 0-0 13. Nc2 Qb6 14. Bf4 Na6 15. Ra1 Ra8 16. Qb1 b4 17. cxb4 Nxb4 18. Rxa8+ Bxa8 19. Nxb4 Qxb4 20. Bd2 Qb3 21. Qa1 Bd5 22. Bc3 Qb7 23. Ne1 Ne4 24. Bxe4 Bxe4 25. Qa4 Qc8 26. Nf3 Bxf3 27. exf3 d5 28. f4 g6 29. Bb4 Bf6 30. Bc5 Qb8 31. Kg2 Kg7 32. Qa3 h6 33. Bd6 Qd8 34. Bc5 g5 35. fxg5 hxg5 36. f4 Qh8 37. Qf3 Qh7 38. fxg5 Bxg5 39. h4 Qc2+ 40. Kh3 Bf6 41. Qg4+ Qg6 42. Qf4 Qf5+ 43. Qxf5 exf5 44. g4 Kg6 45. Kg3 Bd8 46. Bd6 fxg4 47. Kxg4 f5+ 48. Kg3 Bf6 49. Bc5 Bg7 50. Bb6 Bh6 51. Bc5 Bc1 52. Ba3 0-1

[Event "Liechtenstein op 25th"]
[Site "Triesen"]
[Date "2007.05.18"]
[Round "8"]
[White "Hillbrand, Johannes"]
[Black "Remensberger, Paul"]
[Result "0-1"]
[WhiteElo "1680"]
[BlackElo "2063"]
[PlyCount "56"]
[EventDate "2007.05.11"]
[EventType "swiss"]
[EventRounds "9"]
[EventCountry "LIE"]
[SourceTitle "CBM 118 Extra"]
[Source "ChessBase"]
[SourceDate "2007.07.04"]
[SourceVersion "1"]
[SourceVersionDate "2007.07.04"]
[SourceQuality "1"]

1. e4 e6 2. d4 d5 3. exd5 exd5 4. Nf3 Bg4 5. Be2 Bd6 6. 0-0 Ne7 7. Ne5 Bxe2 8. Qxe2 0-0 9. f4 f6 10. Nd3 Qd7 11. c3 Nbc6 12. Nd2 Rae8 13. Nb3 Nd8 14. Nbc5 Qc8 15. Qf3 b6 16. Nb3 Nf7 17. g4 c5 18. dxc5 bxc5 19. Nf2 Qc7 20. h3 a5 21. Be3 a4 22. Nd2 Qa7 23. b4 d4 24. bxc5 dxe3 25. cxd6 exf2+ 26. Rxf2 Nxd6 27. Ne4 Nxe4 28. Qxe4 Ng6 0-1

[Event "Winterthur op"]
[Site "Winterthur"]
[Date "2006.10.07"]
[Round "2"]
[White "Goreskul, Alyona"]
[Black "Remensberger, Paul"]
[Result "1-0"]
[WhiteElo "2288"]
[BlackElo "2053"]
[PlyCount "41"]
[EventDate "2006.10.06"]
[EventType "swiss"]
[EventRounds "9"]
[EventCountry "SUI"]
[SourceTitle "EXT 2007"]
[Source "ChessBase"]
[SourceDate "2006.11.23"]
[SourceVersion "1"]
[SourceVersionDate "2006.11.23"]
[SourceQuality "1"]

1. e4 e6 2. d4 d5 3. exd5 exd5 4. Nf3 Bg4 5. h3 Bh5 6. Qe2+ Qe7 7. Be3 Nc6 8. g4 Bg6 9. Nc3 0-0-0 10. a3 Nf6 11. 0-0-0 a6 12. Ne5 Nb8 13. g5 Ne8 14. Bg2 c6 15. Na4 Nd6 16. Qe1 Nd7 17. Nxd7 Kxd7 18. Qb4 Kc8 19. Bf4 Nc4 20. Qxc4 Qc7 21. Bxc7 1-0